Statystyki dla Dopasuj Walutę do Kraju #4

Kliknij tutaj aby rozwiązać quiz!

Ogólne statystyki

  • Ten quiz został rozwiązany 30 razy
  • Średni wynik to 5 z 10

Statystyki odpowiedzi

HintOdpowiedź% Poprawnych
UkrainaHrywna
95%
AfganistanAfgani
90%
RumuniaLeu
57%
Macedonia PółnocnaDebar
52%
Arabia SaudyjskaReal
43%
PeruSol
43%
KostarykaColon
33%
Republika Zielonego PrzylądkaEscudo
29%
GwatemalaQuetzal
29%
MalezjaRinggit
29%

Rozkład punktacji

Percentyl według liczby udzielonych odpowiedzi

Procent ludzi z każdym wynikiem

Twoja historia wyników

Nie rozwiązałeś tego quizu